<?xml version="1.0" encoding="UTF-8"?>
<record
    xmlns:xsi="http://www.w3.org/2001/XMLSchema-instance"
    xsi:schemaLocation="http://www.loc.gov/MARC21/slim http://www.loc.gov/standards/marcxml/schema/MARC21slim.xsd"
    xmlns="http://www.loc.gov/MARC21/slim">

  <leader>00967nam a22002297a 4500</leader>
  <controlfield tag="005">2010081100000.0</controlfield>
  <controlfield tag="008">081119t        xxu||||| |||| 00| 0 ur d</controlfield>
  <datafield tag="010" ind1=" " ind2=" ">
    <subfield code="a">UR-7666</subfield>
  </datafield>
  <datafield tag="020" ind1=" " ind2=" ">
    <subfield code="c">170.00</subfield>
  </datafield>
  <datafield tag="035" ind1=" " ind2=" ">
    <subfield code="a">6221</subfield>
  </datafield>
  <datafield tag="040" ind1=" " ind2=" ">
    <subfield code="a">DPL</subfield>
    <subfield code="b">UR</subfield>
  </datafield>
  <datafield tag="082" ind1=" " ind2=" ">
    <subfield code="a">270.61</subfield>
  </datafield>
  <datafield tag="100" ind1=" " ind2=" ">
    <subfield code="a">&#x642;&#x627;&#x633;&#x645;&#x6CC;&#x60C; &#x645;&#x62C;&#x627;&#x6C1;&#x62F;&#x627;&#x644;&#x627;&#x633;&#x644;&#x627;&#x645;</subfield>
    <subfield code="9">10685</subfield>
  </datafield>
  <datafield tag="245" ind1=" " ind2=" ">
    <subfield code="a">&#x627;&#x633;&#x644;&#x627;&#x645;&#x6CC; &#x639;&#x62F;&#x627;&#x644;&#x62A;: </subfield>
    <subfield code="c">&#x645;&#x62C;&#x627;&#x6C1;&#x62F;&#x627;&#x644;&#x627;&#x633;&#x644;&#x627;&#x645; &#x642;&#x627;&#x633;&#x645;&#x6CC;</subfield>
    <subfield code="b"> &#x627;&#x633;&#x644;&#x627;&#x645; &#x6A9;&#x6D2;&#x639;&#x62F;&#x627;&#x644;&#x62A;&#x6CC; &#x642;&#x648;&#x627;&#x646;&#x6CC;&#x646; &#x6A9;&#x627;&#x645;&#x62C;&#x645;&#x648;&#x639;&#x6C1; /</subfield>
  </datafield>
  <datafield tag="246" ind1=" " ind2=" ">
    <subfield code="a">Islami Adalat /</subfield>
    <subfield code="b">by Kazi Mujahid-ul-islam Qasmi</subfield>
  </datafield>
  <datafield tag="260" ind1=" " ind2=" ">
    <subfield code="a"> &#x646;&#x626; &#x62F;&#x6C1;&#x644;&#x6CC;</subfield>
    <subfield code="b">&#x642;&#x627;&#x636;&#x6CC; &#x67E;&#x628;&#x644;&#x634;&#x631;&#x632;</subfield>
    <subfield code="c">2004</subfield>
  </datafield>
  <datafield tag="270" ind1=" " ind2=" ">
    <subfield code="a">B-35, Basement, Nizamuddin West</subfield>
    <subfield code="b">New Dehi</subfield>
    <subfield code="e">110013</subfield>
    <subfield code="k">24352732, 23259526</subfield>
  </datafield>
  <datafield tag="300" ind1=" " ind2=" ">
    <subfield code="a">458 &#x635;</subfield>
    <subfield code="c">24 &#x633; &#x645; (Hb)</subfield>
  </datafield>
  <datafield tag="650" ind1=" " ind2=" ">
    <subfield code="a">Urdu story</subfield>
    <subfield code="9">10686</subfield>
  </datafield>
  <datafield tag="942" ind1=" " ind2=" ">
    <subfield code="2">ddc</subfield>
    <subfield code="c">UR</subfield>
    <subfield code="m">&#x627; &#x633; &#x644;</subfield>
    <subfield code="h">270.61</subfield>
  </datafield>
  <datafield tag="999" ind1=" " ind2=" ">
    <subfield code="c">40914</subfield>
    <subfield code="d">40914</subfield>
  </datafield>
  <datafield tag="952" ind1=" " ind2=" ">
    <subfield code="0">0</subfield>
    <subfield code="1">0</subfield>
    <subfield code="2">ddc</subfield>
    <subfield code="4">0</subfield>
    <subfield code="7">1</subfield>
    <subfield code="8">NFIC</subfield>
    <subfield code="a">DBAD</subfield>
    <subfield code="b">DBAD</subfield>
    <subfield code="d">2010-08-11</subfield>
    <subfield code="e">DBAD/PUB</subfield>
    <subfield code="g">170.00</subfield>
    <subfield code="l">0</subfield>
    <subfield code="o">&#x627; &#x633; &#x644; 270.61</subfield>
    <subfield code="p">U-6221</subfield>
    <subfield code="r">2010-08-11 00:00:00</subfield>
    <subfield code="t">1</subfield>
    <subfield code="v">175.00</subfield>
    <subfield code="y">UR</subfield>
  </datafield>
</record>
